Score 0/25 Timer 08:00
2 Plays Today
% Correct
Harper Lee
91.7%
J. R. R. Tolkien
86.5%
Alexandre Dumas
84.9%
Jane Austen
82.4%
J. D. Salinger
81.9%
F. Scott Fitzgerald
75.2%
William Golding
67.7%
Emily Brontë
67.3%
Robert Louis Stevenson
64.1%
Fyodor Dostoyevsky
61.2%
Victor Hugo
60.7%
Stieg Larsson
60.5%
Charles Dickens
55.7%
% Correct
Ernest Hemingway
53.3%
Leo Tolstoy
51.1%
Kurt Vonnegut
44.8%
George Orwell
43.1%
Philip Pullman
43%
Louis Sachar
39.6%
John Grisham
36.8%
Arthur C. Clarke
30.9%
Lynne Reid Banks
29.6%
Mark Twain
28.1%
Orson Scott Card
20.8%
Eoin Colfer
20.1%
Remove Ads.
Support Sporcle.
Get the best of Sporcle when you Go Orange. This ad-free experience offers more features, more stats, and more fun while also helping to support Sporcle. Thank you for becoming a member.

You're not logged in!

Compare scores with friends on all Sporcle quizzes.
OR
Log In

Sporcle TV

Today on Sporcle TV


Watch our educational content, quiz creation guides, and fun videos on Sporcle TV.

Show Comments

Extras

Top Quizzes Today


Score Distribution

Paid Content

Your Account Isn't Verified!

In order to create a playlist on Sporcle, you need to verify the email address you used during registration. Go to your Sporcle Settings to finish the process.

Report this User

Report this user for behavior that violates our Community Guidelines.

Details: